Statistics for The Only Remaining Asian Country . . . 2

Click here to take the quiz!

General Stats

  • This quiz has been taken 3,115 times
  • The average score is 33 of 48

Answers on the Map

Answers color-coded by a green-red scale on the quiz's map according to % correct below.
 

Answer Stats

The only country . . .Country% Correct
To touch the EquatorIndonesia
98%
To be the site of a Level 7 nuclear event (INES scale)Japan
95%
To contain one of the world's 10 longest riversChina
93%
To have a name ending in -landThailand
92%
To have a contiguous land border with another country more than 5000 km longKazakhstan
90%
To not be a member of the United NationsTaiwan
86%
To be located entirely in the Southern HemisphereEast Timor
85%
To span multiple time zonesMongolia
85%
To have a cardinal direction in its nameNorth Korea
85%
To use the EuroCyprus
84%
To have an aircraft carrier in active serviceIndia
84%
Where the majority of the population is HinduNepal
84%
To be the birthplace of at least 10 Major League Baseball playersSouth Korea
81%
To have a land border with 7 or more other countriesIran
80%
To have a single-party Communist (Marxist) governmentVietnam
78%
To be the home of one of the world's top 20 largest companies (by revenue)Saudi Arabia
77%
To contain one of the world's 20 busiest airportsUnited Arab Emirates
76%
To have a restaurant with 3 Michelin starsSingapore
74%
To have a city with a population greater than 300,000 named "Batman"Turkey
73%
To contain the site of a Volcanic Explosivity Index 6 eruption from the past 1000 yearsPhilippines
72%
To contain one of the world's 25 largest islandsSri Lanka
69%
To be in the bottom 5 on the Global Peace IndexSyria
68%
To be a member of OPECIraq
67%
To start with a letter that no other country starts withQatar
67%
Where more than 75% of the population is BuddhistCambodia
66%
To have more than 6000 km of coastlineMyanmar
66%
To have the same first 4 letters as another countryTurkmenistan
65%
To have a red, white, and blue flagLaos
64%
To have an Alpha CityMalaysia
64%
To have the same name as a territory in the board game RiskAfghanistan
62%
To have a megacity (population greater than 10,000,000)Bangladesh
62%
Where the capital is not the largest cityPakistan
61%
To touch 2 oceans (including marginal seas)Israel
60%
To have a building more than 400 meters tallKuwait
60%
To be carbon neutral or carbon negativeBhutan
59%
To be one of the world's top 10 date-producing countriesOman
58%
To be one of the 5 least linguistically diverse countries in the worldYemen
57%
To have a GDP per capita greater than $40,000Bahrain
56%
To be a monarchyJordan
56%
To have a highest point less than 500 meters above sea levelMaldives
52%
To have a capital city that starts with TGeorgia
51%
To have a mountain peak more than 7000 meters above sea levelKyrgyzstan
49%
To have a flag that has writing on itBrunei
48%
To have a city that has been continuously inhabited for more than 4000 yearsLebanon
48%
Where the climate is primarily desert (Köppen climate classification BWh or BWk)Uzbekistan
48%
Where less than 30% of the population is urbanTajikistan
46%
To be in AsiaArmenia
42%
To have a McDonald'sAzerbaijan
42%

Score Distribution

Percentile by Number Answered

Percent of People with Each Score

Your Score History

You have not taken this quiz